The analysis of variance
Kaydedildi:
| Yazar: | |
|---|---|
| Materyal Türü: | Kitap |
| Dil: | İngilizce |
| Baskı/Yayın Bilgisi: |
Nueva York
John Wiley
1959
|
| Seri Bilgileri: | A Wiley Publication in Mathematical Statistics
|
| Konular: | |
| Etiketler: |
Etiketle
Etiket eklenmemiş, İlk siz ekleyin!
|
MARC
| LEADER | 00000nam a2200000 a 4500 | ||
|---|---|---|---|
| 001 | UCP0218 | ||
| 003 | CL-VaPUC | ||
| 008 | 990305e19590000US |||||||||||||||||eng|d | ||
| 082 | 0 | 4 | |a 519.54 |b SCH |2 21 |
| 100 | 0 | |a Scheffé, Henry |e author |9 425236 | |
| 245 | 1 | 4 | |a The analysis of variance |
| 300 | |a 477 p | ||
| 942 | |c BK | ||
| 945 | |d 19990305 00:00:00 |a cmena | ||
| 260 | |a Nueva York |b John Wiley |c 1959 | ||
| 650 | 0 | |a Estadística matemática |9 260028 | |
| 650 | 0 | |a Análisis de varianza |9 336938 | |
| 650 | 0 | |a Análisis de covarianza |9 354464 | |
| 650 | 7 | |a ESTIMACION DE PUNTOS |2 CL-VaPUC |9 425237 | |
| 650 | 7 | |a MODELOS ALEATORIOS |2 CL-VaPUC |9 425238 | |
| 583 | |a last modification |c 19990305 00:00:00 |k Rodrigo Vera | ||
| 490 | 0 | |a A Wiley Publication in Mathematical Statistics | |
| 999 | |c 279058 |d 279056 | ||
| 952 | |0 0 |1 0 |4 0 |6 519_540000000000000_SCH_1959 |7 0 |8 A |9 317968 |a BIBGIM |b BIBGIM |d 2019-11-20 |i 1498320 |o 519.54 SCH 1959 |p 1498320 |r 2025-01-15 |w 2019-11-20 |y BK |k EST | ||
| 952 | |0 0 |1 0 |4 0 |6 519_540000000000000_SCH_1959 |7 0 |8 A |9 317969 |a BIBGIM |b BIBGIM |d 2019-11-20 |i 1334379 |o 519.54 SCH 1959 |p 1334379 |r 2025-01-15 |w 2019-11-20 |y BK |k EST | ||